000
00299 a2200157 4500
001
163123
020
_a
040
_c
Magnum
100
_a
Marcondes, Lucila
240
1
0
_a
O sangue
_l
por
245
1
0
_a
O sangue
362
0
_a
1899
440
1
_a
Ática
697
_a
PARADIDATICOS
942
_c
BK
999
_c
163123
_d
163123